Welcome to the Holygrace Academy Library

Please use search bar below to get started

HORRIBLE HISTORIES (Record no. 4601)

MARC details
000 -LEADER
fixed length control field 00356nam a22001457a 4500
020 ## - INTERNATIONAL STANDARD BOOK NUMBER
ISBN 978-1407-10429-2
082 ## - DEWEY DECIMAL CLASSIFICATION NUMBER
Classification number 823
Item number DEA/S
100 ## - MAIN ENTRY--AUTHOR NAME
Personal name DEARY, TERRY
100 ## - MAIN ENTRY--AUTHOR NAME
Personal name BROWN, MARTIN
245 ## - TITLE STATEMENT
Title HORRIBLE HISTORIES
Remainder of title SLIMY STUARTS
260 ## - PUBLICATION, DISTRIBUTION, ETC. (IMPRINT)
Place of publication NEW YORK
Name of publisher SCHOLASTIC
Year of publication 1999
300 ## - PHYSICAL DESCRIPTION
Number of Pages 139
650 ## - SUBJECT ADDED ENTRY--TOPICAL TERM
Topical Term CHILDRENS STORY BOOK
Geographic subdivision UNITED STATES
942 ## - ADDED ENTRY ELEMENTS (KOHA)
Koha item type Books
Holdings
Withdrawn status Lost status Collection code Home library Current library Shelving location Date acquired Source of acquisition Full call number Accession Number Koha item type
    Fiction Main Library Main Library SHELF 4-C HORRIBLE HISTORIES 25/11/2019 purchase 823 DEA/S 12014 Books